Beowulf : (Record no. 263372)
[ view plain ]
| 000 -LEADER | |
|---|---|
| fixed length control field | 01144cam a22003373a 4500 |
| 001 - CONTROL NUMBER | |
| control field | 34117 |
| 003 - CONTROL NUMBER IDENTIFIER | |
| control field | PGUSA |
| 005 - DATE AND TIME OF LATEST TRANSACTION | |
| control field | 20140828083733.0 |
| 008 - FIXED-LENGTH DATA ELEMENTS--GENERAL INFORMATION | |
| fixed length control field | 101023s2010||||xxu|||||s|||||000 p eng d |
| 040 ## - CATALOGING SOURCE | |
| Original cataloging agency | PGUSA |
| Language of cataloging | eng |
| 042 ## - AUTHENTICATION CODE | |
| Authentication code | dc |
| 050 #4 - LIBRARY OF CONGRESS CALL NUMBER | |
| Classification number | PR |
| 100 1# - MAIN ENTRY--PERSONAL NAME | |
| Personal name | Chambers, R. W. |
| Fuller form of name | (Raymond Wilson), |
| Dates associated with a name | 1874-1942 |
| 245 10 - TITLE STATEMENT | |
| Title | Beowulf : |
| Remainder of title | An Introduction to the Study of the Poem with a Discussion of the Stories of Offa and Finn |
| Medium | [electronic resource] / |
| Statement of responsibility, etc | R. W. Chambers |
| 260 ## - PUBLICATION, DISTRIBUTION, ETC. (IMPRINT) | |
| Name of publisher, distributor, etc | Project Gutenberg, |
| Date of publication, distribution, etc | 2010 |
| 506 ## - RESTRICTIONS ON ACCESS NOTE | |
| Terms governing access | Public domain in the USA. |
| 516 ## - TYPE OF COMPUTER FILE OR DATA NOTE | |
| Type of computer file or data note | Electronic text |
| 653 ## - INDEX TERM--UNCONTROLLED | |
| Uncontrolled term | Dragons in literature |
| 653 ## - INDEX TERM--UNCONTROLLED | |
| Uncontrolled term | Offa saga |
| 653 ## - INDEX TERM--UNCONTROLLED | |
| Uncontrolled term | Anglo-Saxons -- Kings and rulers |
| 653 ## - INDEX TERM--UNCONTROLLED | |
| Uncontrolled term | Fight at Finnesburg (Anglo-Saxon poem) |
| 653 ## - INDEX TERM--UNCONTROLLED | |
| Uncontrolled term | Monsters in literature |
| 653 ## - INDEX TERM--UNCONTROLLED | |
| Uncontrolled term | Beowulf |
| 653 ## - INDEX TERM--UNCONTROLLED | |
| Uncontrolled term | Epic poetry, English (Old) -- History and criticism |
| 653 ## - INDEX TERM--UNCONTROLLED | |
| Uncontrolled term | Heroes in literature |
| 653 ## - INDEX TERM--UNCONTROLLED | |
| Uncontrolled term | Offa, King of the Mercians, d. 796 -- In literature |
| 653 ## - INDEX TERM--UNCONTROLLED | |
| Uncontrolled term | Mercia (Kingdom) -- In literature |
| 830 #0 - SERIES ADDED ENTRY--UNIFORM TITLE | |
| Uniform title | Project Gutenberg |
| Volume number/sequential designation | 34117 |
| 856 40 - ELECTRONIC LOCATION AND ACCESS | |
| Uniform Resource Identifier | <a href="http://www.gutenberg.org/ebooks/34117">http://www.gutenberg.org/ebooks/34117</a> |
| 942 ## - ADDED ENTRY ELEMENTS (KOHA) | |
| Koha item type | eBooks |
| Withdrawn status | Lost status | Damaged status | Home library | Current library | Date acquired | Total Checkouts | Date last seen | Price effective from | Koha item type |
|---|---|---|---|---|---|---|---|---|---|
| Project Gutenberg | Project Gutenberg | 08/28/2014 | 08/28/2014 | 08/28/2014 | eBooks |